| 000 | 00666cam a22002293a 4500 | ||
|---|---|---|---|
| 001 | 19749 | ||
| 003 | PGUSA | ||
| 005 | 20140828083422.0 | ||
| 008 | 061110s2006||||xxu|||||s|||||000 1 eng d | ||
| 040 |
_aPGUSA _beng |
||
| 042 | _adc | ||
| 050 | 4 | _aPH | |
| 100 | 1 |
_aThury, Zoltán, _d1870-1906 |
|
| 245 | 1 | 0 |
_aThury Zoltán összes művei, Volume I : _bKetty és egyéb elbeszélések _h[electronic resource] / _cZoltán Thury |
| 260 |
_bProject Gutenberg, _c2006 |
||
| 506 | _aPublic domain in the USA. | ||
| 516 | _aElectronic text | ||
| 653 | _aFiction | ||
| 830 | 0 |
_aProject Gutenberg _v19749 |
|
| 856 | 4 | 0 | _uhttp://www.gutenberg.org/ebooks/19749 |
| 942 | _cEB | ||
| 999 |
_c249004 _d249004 |
||